Deportes - Paris 2024 - Estadísticas

Estadísticas generales
  • Esta prueba ha sido intentada 193 veces
  • La puntuación promedio es 15 de 45
Estadísticas de respuestas
Deportes Respuesta % Correcto
F Futbol
92%
A Atletismo
88%
Baloncesto
86%
N Natación
80%
Tenis
69%
Balonmano
64%
W Waterpolo
61%
J Judo
57%
Tiro
55%
Esgrima
52%
Boxeo
49%
B Badminton
47%
Voleibol
47%
Tenis de mesa
44%
V Vela
42%
Surf
38%
Gimnasia ritmica
37%
T Taekwondo
37%
G Gimnasia Artistica
34%
Hípica
34%
R Remo
32%
E Escalada
31%
Golf
31%
Tiro con arco
29%
Triatlón
27%
Rugby
26%
H Halterofilia
25%
L Lucha
25%
Skateboarding
19%
Baloncesto 3x3
18%
Voleibol Playa
15%
Ciclismo en pista
13%
Ciclismo en ruta
13%
S Saltos
13%
Hockey sobre césped
10%
P Pentatlón moderno
10%
Natación artística
8%
Ciclismo de montaña
6%
Breaking
3%
Natación en aguas abiertas
3%
Gimnasia en trampolín
2%
C Ciclismo BMX Freestyle
1%
Ciclismo BMX Racing
1%
Piraguismo en eslalon
1%
Piraguismo en esprint
1%
No se encontraron pruebas coincidentes
Distribución de puntuación
Porcentaje de gente con cada puntuación
Porcentaje por número respondido
Historial de tus puntuaciones
No has intentado esta prueba.